00339pab a2200121 454500008004000000100002300040245008500063260000900148300001200157362000800169650001400177773002600191180718b2000 xxu||||| |||| 00| 0 eng d aMitchell, Jerry T. aThe hazards of one's faith: hazard perception of South Carolina Christian clergy c2000 ap.25-41 aMar aDisasters aEnvironmental Hazards